000 00830nam a2200265 i 4500
001 C2-0326004
003 PPAK
005 20180728123943.0
008 140311s2013 my a|||| ||||| | may d
020 _a9789675328145
040 _aPPAK
_beng
_cPPAK
_erda
082 0 4 _a172.1
_223
090 0 0 _a172.1
_bMEL
_dRK
100 0 _aMelissa Muhammad,
_eauthor
245 1 0 _aKeluhuran perlembagaan
264 1 _aSeri Kembangan, Selangor :
_bPustaka Gedung Ilmu ,
_c2013
300 _aiv, 92 pages :
_bcolour illustrations ;
_c25 cm
336 _2rdacontent
_atext
337 _2rdamedia
_aunmediated
338 _2rdacarrier
_avolume
490 1 _aSiri rukun negara Malaysia
650 1 0 _aCitizenship - Juvenile literature. ; Civics, Malaysian - Juvenile literature.
830 0 _aSiri rukun negara Malaysia
942 _ddc
_cB
999 _c125699
_d125699